[Event "Belgorod Elo"]
[Site "Belgorod"]
[Date "2007.06.11"]
[Round "16"]
[White "Tugolukov, Sergey"]
[Black "Garmazhanova, Anna"]
[Result "1-0"]
[WhiteElo "2081"]
[BlackElo "1922"]
[PlyCount "47"]
[EventDate "2007.06.01"]
[EventType "tourn"]
[EventRounds "17"]
[EventCountry "RUS"]
[SourceTitle "EXT 2009"]
[Source "ChessBase"]
[SourceDate "2008.11.26"]
[SourceVersion "1"]
[SourceVersionDate "2008.11.26"]
[SourceQuality "1"]

1. Nf3 Nf6 2. g3 g6 3. Bg2 Bg7 4. 0-0 0-0 5. d4 d5 6. c4 dxc4 7. Qc2 c6 8. Qxc4 Qb6 9. Nc3 Be6 10. Qa4 h6 11. e4 Rd8 12. Rd1 Na6 13. h3 Qb4 14. Qc2 Qa5 15. Be3 Nc7 16. a3 b5 17. Ne5 Rd6 18. Nd3 Rdd8 19. Nc5 Rab8 20. b4 Qb6 21. Nxe6 fxe6 22. e5 Nfd5 23. Nxd5 Nxd5 24. Qxg6 1-0

[Event "Belgorod Elo"]
[Site "Belgorod"]
[Date "2007.06.10"]
[Round "15"]
[White "Garmazhanova, Anna"]
[Black "Miroshnikov, Evgenij V"]
[Result "0-1"]
[WhiteElo "1922"]
[BlackElo "1923"]
[PlyCount "94"]
[EventDate "2007.06.01"]
[EventType "tourn"]
[EventRounds "17"]
[EventCountry "RUS"]
[SourceTitle "EXT 2009"]
[Source "ChessBase"]
[SourceDate "2008.11.26"]
[SourceVersion "1"]
[SourceVersionDate "2008.11.26"]
[SourceQuality "1"]

1. e4 d6 2. d4 Nf6 3. Nc3 g6 4. f4 Bg7 5. Nf3 c5 6. dxc5 Qa5 7. Bd3 Qxc5 8. Qe2 0-0 9. Be3 Qb4 10. 0-0 Nc6 11. a3 Qa5 12. b4 Qh5 13. h3 a6 14. Rad1 b5 15. Nd4 Nxd4 16. Bxd4 Bg4 17. Bxf6 Bxe2 18. Bxe2 Qxe2 19. Nxe2 Bxf6 20. Kf2 Rac8 21. Rd2 Rc4 22. Ke3 Rfc8 23. Rc1 Bb2 24. Rb1 Bc3 25. Rdd1 Bg7 26. Rd2 Rxc2 27. Rxc2 Rxc2 28. Rb3 Ra2 29. Kd3 Bb2 30. g4 Bxa3 31. Nc3 Ra1 32. Nd5 e6 33. Ne3 Bc1 34. Nc2 Ra2 35. f5 Bb2 36. Nd4 Bxd4 37. Kxd4 Kf8 38. fxe6 fxe6 39. e5 d5 40. Rc3 Ra4 41. Rc8+ Kf7 42. Rc7+ Kg8 43. Rc8+ Kg7 44. Kc5 a5 45. Kxb5 Rxb4+ 46. Kxa5 Re4 47. Kb5 Rxe5 0-1

[Event "Belgorod Elo"]
[Site "Belgorod"]
[Date "2007.06.07"]
[Round "11"]
[White "Garmazhanova, Anna"]
[Black "Zhirizhov, Vladimir"]
[Result "1/2-1/2"]
[WhiteElo "1922"]
[BlackElo "2036"]
[PlyCount "24"]
[EventDate "2007.06.01"]
[EventType "tourn"]
[EventRounds "17"]
[EventCountry "RUS"]
[SourceTitle "EXT 2009"]
[Source "ChessBase"]
[SourceDate "2008.11.26"]
[SourceVersion "1"]
[SourceVersionDate "2008.11.26"]
[SourceQuality "1"]

1. e4 d6 2. Nc3 Nf6 3. Nf3 g6 4. g3 Bg7 5. Bg2 0-0 6. 0-0 c5 7. d4 Nbd7 8. h3 Rb8 9. a4 a6 10. Re1 e5 11. dxc5 Nxc5 12. Bg5 h6 1/2-1/2

[Event "Belgorod Elo"]
[Site "Belgorod"]
[Date "2007.06.05"]
[Round "7"]
[White "Garmazhanova, Anna"]
[Black "Uzhva, Andrey Nikolaevich"]
[Result "0-1"]
[WhiteElo "1922"]
[BlackElo "2208"]
[PlyCount "56"]
[EventDate "2007.06.01"]
[EventType "tourn"]
[EventRounds "17"]
[EventCountry "RUS"]
[SourceTitle "EXT 2009"]
[Source "ChessBase"]
[SourceDate "2008.11.26"]
[SourceVersion "1"]
[SourceVersionDate "2008.11.26"]
[SourceQuality "1"]

1. e4 c5 2. c3 Nf6 3. e5 Nd5 4. d4 cxd4 5. cxd4 d6 6. Nf3 Nc6 7. Qb3 e6 8. Nc3 Nxc3 9. bxc3 dxe5 10. Nxe5 Nxe5 11. dxe5 Be7 12. Ba3 0-0 13. Rd1 Qc7 14. Bd6 Bxd6 15. exd6 Qc6 16. c4 Rd8 17. Qa3 e5 18. Be2 Qxg2 19. Bf3 Qg6 20. c5 e4 21. Be2 Bd7 22. Qg3 Rac8 23. Rd5 b6 24. cxb6 axb6 25. Qxg6 hxg6 26. 0-0 Rc2 27. Re1 Rxa2 28. Rd4 Ra4 0-1

[Event "Belgorod Elo"]
[Site "Belgorod"]
[Date "2007.06.03"]
[Round "5"]
[White "Ivanov, Maxim"]
[Black "Garmazhanova, Anna"]
[Result "1-0"]
[WhiteElo "1972"]
[BlackElo "1922"]
[PlyCount "101"]
[EventDate "2007.06.01"]
[EventType "tourn"]
[EventRounds "17"]
[EventCountry "RUS"]
[SourceTitle "EXT 2009"]
[Source "ChessBase"]
[SourceDate "2008.11.26"]
[SourceVersion "1"]
[SourceVersionDate "2008.11.26"]
[SourceQuality "1"]

1. e4 e5 2. Nf3 Nc6 3. Bc4 Nf6 4. Ng5 d5 5. exd5 b5 6. Bxb5 Qxd5 7. Bxc6+ Qxc6 8. 0-0 Bb7 9. Nf3 e4 10. Ne5 Qd5 11. Ng4 Nxg4 12. Qxg4 Bd6 13. Nc3 Qe5 14. Qh4 0-0 15. Re1 Qc5 16. d3 exd3 17. cxd3 Qf5 18. Ne4 Qd5 19. Qg5 Qxd3 20. Nf6+ Kh8 21. Nh5 Qg6 22. Qxg6 fxg6 23. Ng3 Bxg3 24. hxg3 Rae8 25. Bf4 Bd5 26. Rxe8 Rxe8 27. Bxc7 Re2 28. b3 Kg8 29. Bb8 a5 30. Bc7 a4 31. bxa4 Rxa2 32. Rd1 Be6 33. a5 g5 34. Rd6 Kf7 35. Ra6 Bc8 36. Ra8 Bg4 37. Bb6 h5 38. a6 h4 39. gxh4 gxh4 40. a7 Bd7 41. Rd8 Bc6 42. Rc8 Bd5 43. Rc7+ Kg6 44. Bd4 Ra4 45. Rxg7+ Kf5 46. Rd7 Ke6 47. Rd8 Bc6 48. Rh8 h3 49. Rxh3 Rxd4 50. Rh6+ Kd5 51. Rxc6 1-0